[Event "POL-chT U20 1st League"]
[Site "Suchedniow"]
[Date "2016.07.30"]
[Round "8.27"]
[White "Baran, Mateusz"]
[Black "Rudzinska, Michalina"]
[Result "0-1"]
[WhiteElo "1411"]
[BlackElo "1823"]
[PlyCount "100"]
[EventDate "2016.07.23"]
[EventType "team-tourn"]
[EventRounds "9"]
[EventCountry "POL"]
[SourceTitle "EXT 2019"]
[Source "ChessBase"]
[SourceDate "2018.10.10"]
[SourceVersion "1"]
[SourceVersionDate "2018.10.10"]
[SourceQuality "1"]

1. e4 c5 2. Nc3 e6 3. f4 Nc6 4. Bb5 Nge7 5. Nf3 d5 6. d3 g6 7. Bd2 Bg7 8. b3 0-0 9. Bxc6 Nxc6 10. 0-0 dxe4 11. Nxe4 Bxa1 12. Qxa1 Nd4 13. Kh1 b6 14. Bc3 f5 15. Ned2 Nxc2 16. Qb2 Nb4 17. Bh8 Qc7 18. Ne5 Bb7 19. Ndf3 Nd5 20. Ng5 Rae8 21. Nc4 h6 22. Be5 Qd7 23. Nf3 Rd8 24. Nd6 Ba6 25. Nh4 Kh7 26. Rf3 Rg8 27. Rg3 Qe7 28. Nf3 g5 29. fxg5 Rxd6 30. Rh3 Rg6 31. Bxd6 Qxd6 32. Ne5 Qf8 33. Nxg6 Kxg6 34. Rxh6+ Kxg5 35. Rh3 Kg6 36. Qe5 Qf6 37. Qe1 f4 38. Qd1 Qg5 39. Rh8 Kg7 40. Rh5 Qg6 41. Qa1+ Nf6 42. Rh3 Bxd3 43. Qe5 Be4 44. Qc7+ Kg8 45. Qd8+ Ne8 46. Qd2 Bd5 47. Qb2 Nf6 48. a3 Qe4 49. Rh8+ Kg7 50. Rg8+ Kxg8 0-1

[Event "POL-chT U20 1st League"]
[Site "Suchedniow"]
[Date "2016.07.27"]
[Round "5.9"]
[White "Baran, Mateusz"]
[Black "Warchol, Bartosz"]
[Result "0-1"]
[WhiteElo "1411"]
[BlackElo "1702"]
[PlyCount "82"]
[EventDate "2016.07.23"]
[EventType "team-tourn"]
[EventRounds "9"]
[EventCountry "POL"]
[SourceTitle "EXT 2019"]
[Source "ChessBase"]
[SourceDate "2018.10.10"]
[SourceVersion "1"]
[SourceVersionDate "2018.10.10"]
[SourceQuality "1"]

1. e4 d5 2. exd5 Qxd5 3. Nc3 Qa5 4. Nf3 Nf6 5. Bc4 Bf5 6. d3 c6 7. 0-0 e6 8. Bd2 Qc7 9. Re1 Bd6 10. h3 0-0 11. Nh4 Bg6 12. Nxg6 hxg6 13. Bg5 Nbd7 14. d4 Bh2+ 15. Kh1 Bf4 16. h4 Rfe8 17. g3 Bd6 18. Bxf6 Nxf6 19. f4 Rad8 20. Qf3 Bb4 21. Rad1 Nd5 22. Kg2 b5 23. Be2 Qa5 24. Rh1 Bxc3 25. bxc3 Nxc3 26. Rd2 Nxe2 27. Qxe2 c5 28. h5 Rxd4 29. Rxd4 cxd4 30. hxg6 fxg6 31. Qd3 Kf7 32. Rh7 Qxa2 33. Kh3 Qd5 34. Kh2 a5 35. Qa3 b4 36. Qd3 Rc8 37. Kg1 Rc3 38. Qa6 Rxg3+ 39. Kf1 Qf3+ 40. Ke1 Rg1+ 41. Kd2 Rd1# 0-1

[Event "POL-chT U20 1st League"]
[Site "Suchedniow"]
[Date "2016.07.25"]
[Round "3.15"]
[White "Baran, Mateusz"]
[Black "Mis, Mieszko"]
[Result "0-1"]
[WhiteElo "1411"]
[BlackElo "2041"]
[PlyCount "112"]
[EventDate "2016.07.23"]
[EventType "team-tourn"]
[EventRounds "9"]
[EventCountry "POL"]
[SourceTitle "EXT 2019"]
[Source "ChessBase"]
[SourceDate "2018.10.10"]
[SourceVersion "1"]
[SourceVersionDate "2018.10.10"]
[SourceQuality "1"]

1. e4 c6 2. d4 d5 3. e5 Bf5 4. f4 e6 5. Nf3 Nd7 6. Be3 Ne7 7. Be2 Bg6 8. Nh4 Nf5 9. Nxf5 Bxf5 10. 0-0 h5 11. h3 h4 12. Bd3 g6 13. Nc3 Be7 14. Ne2 Qc7 15. Rc1 Bxd3 16. Qxd3 0-0 17. Kh1 c5 18. f5 exf5 19. Bh6 Rfe8 20. Nf4 Qc6 21. e6 Nf6 22. Rfe1 Ne4 23. exf7+ Kxf7 24. Qe3 Bg5 25. Bxg5 Ng3+ 26. Kg1 Rxe3 27. Rxe3 Ne4 28. Bxh4 g5 29. Nd3 Kg7 30. Be1 cxd4 31. Nb4 Qb6 32. Rd3 a5 33. Nxd5 Qc5 34. c4 dxc3+ 35. Kf1 Qc4 36. Bxc3+ Kh7 37. Rcd1 Nc5 38. b3 Qxd3+ 39. Rxd3 Nxd3 40. a3 Nc5 41. b4 Ne4 42. Nf6+ Nxf6 43. Bxf6 axb4 44. axb4 Kg6 45. Be7 Ra2 46. h4 gxh4 47. Bxh4 Kh5 48. Be1 Kg4 49. Kg1 f4 50. Kf1 f3 51. g3 b5 52. Kg1 Ra1 53. Kh2 Rb1 54. Bc3 f2 55. Be1 f1Q 56. Bf2 Qxf2# 0-1

[Event "POL Olympiad U12"]
[Site "Spala"]
[Date "2014.12.30"]
[Round "5.12"]
[White "Baran, Mateusz"]
[Black "Nowak, Mikolaj"]
[Result "0-1"]
[WhiteElo "1377"]
[BlackElo "1711"]
[PlyCount "62"]
[EventDate "2014.04.06"]
[EventType "swiss"]
[EventRounds "9"]
[EventCountry "POL"]
[SourceTitle "EXT 2023"]
[Source "ChessBase"]
[SourceDate "2022.10.05"]
[SourceVersion "1"]
[SourceVersionDate "2022.10.05"]
[SourceQuality "1"]

1. e4 c6 2. Ne2 d5 3. e5 Bf5 4. Ng3 Bg6 5. h4 h6 6. h5 Bh7 7. e6 Qd6 8. exf7+ Kxf7 9. d4 e5 10. Bd3 Bxd3 11. Qxd3 e4 12. Qe2 Nf6 13. 0-0 Nbd7 14. Nf5 Qe6 15. Ne3 Bd6 16. f3 Rae8 17. Nc3 exf3 18. Qxf3 Rhf8 19. Bd2 Kg8 20. Nf5 Ne4 21. Nxe4 dxe4 22. Qg4 Rxf5 23. Qxf5 e3 24. Rae1 e2 25. Rxe2 Qxe2 26. Qf7+ Kh8 27. Qxd7 Bg3 28. Qf7 Qe4 29. Bxh6 Qxd4+ 30. Kh1 Qh4+ 31. Kg1 Qh2# 0-1